<?xml version="1.0" encoding="UTF-8"?>
<record
    xmlns:xsi="http://www.w3.org/2001/XMLSchema-instance"
    xsi:schemaLocation="http://www.loc.gov/MARC21/slim http://www.loc.gov/standards/marcxml/schema/MARC21slim.xsd"
    xmlns="http://www.loc.gov/MARC21/slim">

  <leader>02482agaaa2200325   4500</leader>
  <controlfield tag="001">0094</controlfield>
  <controlfield tag="003">IT-RoPAU</controlfield>
  <controlfield tag="005">20220918181231.0</controlfield>
  <controlfield tag="007">d cvaizq</controlfield>
  <controlfield tag="008">50131s9999||||xx ||| |     ||   ||und||</controlfield>
  <datafield tag="040" ind1=" " ind2=" ">
    <subfield code="a">IT-RoPAU</subfield>
    <subfield code="c">IT-RoPAU</subfield>
  </datafield>
  <datafield tag="041" ind1=" " ind2=" ">
    <subfield code="a">ITALIANO</subfield>
  </datafield>
  <datafield tag="100" ind1=" " ind2=" ">
    <subfield code="a">Capitani Giorgio</subfield>
    <subfield code="g">Codice regista SPICS: 58033</subfield>
    <subfield code="9">40872</subfield>
  </datafield>
  <datafield tag="130" ind1=" " ind2=" ">
    <subfield code="a">PAPA LUCIANI. IL SORRISO DI DIO</subfield>
    <subfield code="9">40873</subfield>
  </datafield>
  <datafield tag="245" ind1=" " ind2=" ">
    <subfield code="a">PAPA LUCIANI. IL SORRISO DI DIO</subfield>
    <subfield code="c">Prodotto da: Scardamaglia F. E F. -- Sceneggiatura: Scardamaglia Francesco Cerofolini Massimo -- Diretto da: Capitani Giorgio</subfield>
    <subfield code="p">PAPA LUCIANI. IL SORRISO DI DIO (Rif. Codice opera principale : K0094)</subfield>
  </datafield>
  <datafield tag="250" ind1=" " ind2=" ">
    <subfield code="a">Edizione Standard</subfield>
  </datafield>
  <datafield tag="260" ind1=" " ind2=" ">
    <subfield code="a">(ITALIA)</subfield>
    <subfield code="b">COMPAGNIA LEONE CINEMAT. - RAI FICTION / Distribuzione: MAGAZZINO DISP</subfield>
    <subfield code="g">"2006 (1&#xB0; ed.: 2010 ; Ed. Lingua Orig.: 2006)"</subfield>
  </datafield>
  <datafield tag="300" ind1=" " ind2=" ">
    <subfield code="a">DVD</subfield>
    <subfield code="b">sonoro, col.</subfield>
    <subfield code="c">211 minuti</subfield>
  </datafield>
  <datafield tag="508" ind1=" " ind2=" ">
    <subfield code="a">"Fotografia: Sabatini Claudio; Montaggio: Siciliano Antonio; Musica: Frisina Marco; Sceneggiatura: Scardamaglia Francesco Cerofolini Massimo; Scenografia: Ricceri Luciano; Soggetto: Scardamaglia Francesco -- Cerofolini Massimo"</subfield>
  </datafield>
  <datafield tag="511" ind1=" " ind2=" ">
    <subfield code="a">"Marcore' Neri; Blanco Jose'; Maria; Interlenghi Franco; Romano Paolo; Colomer Imma"</subfield>
  </datafield>
  <datafield tag="520" ind1=" " ind2=" ">
    <subfield code="a">"ALBINO LUCIANI, OBBEDENDO A UNA VOCAZIONE PERENTORIA, SI FA SACERDOTE NEL SUO PICCOLO PAESE NATIO, CANALE D'AGORDO NEL BELLUNESE, E DA QUI IN AVANTI CON GRANDE UMILTA' E SALDEZZA DI FEDE SI MERITA LA STIMA DI VESCOVI E PAPI CHE LO CHIAMANO A RICOPRIRE POSTI DI SEMPRE MAGGIORE RESPONSABILITA'. COME PROFETIZZATO DA SUOR LUCIA, LA SOLA DEI TRE PASTORELLI DI FATIMA ALL'EPOCA ANCORA VIVENTE, NEL 1978 VIENE ELETTO PAPA E SCEGLIE IL NOME DI GIOVANNI PAOLO I. IL SUO BREVE PAPATO E' VISSUTO NEL NOME DEL SIGNORE, PREDICANDO L'AMORE PER I DEBOLI E IL RITORNO AD UNA CHIESA ATTENTA AI VALORI FONDAMENTALI.NON E' LA DURATA CHJE CONTA MA L'INTENSITA' E LA FORZA DEI SUOI INSEGNAMENTI CHE SONO ANCORA VIVI NEL CUORE DEI FEDELI. CONTENUTI EXTRA: DIETRO LE QUINTE; GALLERIA FOTOGRAFICA."</subfield>
  </datafield>
  <datafield tag="538" ind1=" " ind2=" ">
    <subfield code="a">PAL, STEREO</subfield>
  </datafield>
  <datafield tag="546" ind1=" " ind2=" ">
    <subfield code="a">ITALIANO</subfield>
  </datafield>
  <datafield tag="650" ind1=" " ind2=" ">
    <subfield code="a">BIOGRAFICO</subfield>
    <subfield code="e">DVD-FILM [DVD]</subfield>
    <subfield code="x">Codice MATERIA SPICS: 9947</subfield>
    <subfield code="9">37079</subfield>
  </datafield>
  <datafield tag="700" ind1=" " ind2=" ">
    <subfield code="a">Capitani Giorgio </subfield>
    <subfield code="e">(regista)</subfield>
    <subfield code="g">Codice regista SPICS: 58033</subfield>
    <subfield code="9">40874</subfield>
  </datafield>
  <datafield tag="700" ind1=" " ind2=" ">
    <subfield code="a">Cerofolini Massimo </subfield>
    <subfield code="e">(soggetto)</subfield>
    <subfield code="g">Codice Soggetto 2&#xB0; SPICS: 60061</subfield>
    <subfield code="9">40875</subfield>
  </datafield>
  <datafield tag="700" ind1=" " ind2=" ">
    <subfield code="a">Frisina Marco</subfield>
    <subfield code="e">(musica)</subfield>
    <subfield code="g">Codice Musica SPICS: 38406</subfield>
    <subfield code="9">40876</subfield>
  </datafield>
  <datafield tag="700" ind1=" " ind2=" ">
    <subfield code="a">Scardamaglia Francesco </subfield>
    <subfield code="e">(soggetto)</subfield>
    <subfield code="g">Codice Soggetto SPICS: 32801</subfield>
    <subfield code="9">40877</subfield>
  </datafield>
  <datafield tag="942" ind1=" " ind2=" ">
    <subfield code="c">DV</subfield>
    <subfield code="2">ddc</subfield>
  </datafield>
  <datafield tag="999" ind1=" " ind2=" ">
    <subfield code="c">105344</subfield>
    <subfield code="d">105344</subfield>
  </datafield>
  <datafield tag="952" ind1=" " ind2=" ">
    <subfield code="0">0</subfield>
    <subfield code="1">0</subfield>
    <subfield code="4">0</subfield>
    <subfield code="6">K_0094_000000000000000</subfield>
    <subfield code="7">1</subfield>
    <subfield code="a">SPICS</subfield>
    <subfield code="b">SPICS</subfield>
    <subfield code="d">2015-01-31</subfield>
    <subfield code="l">0</subfield>
    <subfield code="o">K0094</subfield>
    <subfield code="r">2015-01-31 00:00:00</subfield>
    <subfield code="w">2015-01-31</subfield>
    <subfield code="y">DV</subfield>
    <subfield code="z">Progr. Ins.: 3921 / N.Vol.:2 / Copie: 1 / Pag.:0 / Copia rara: n.d. / date import: 1.2.2015 / By Epidotti, Trombetti, Vaglietti</subfield>
  </datafield>
</record>
